[Event "27.Schlosspark-Open"]
[Site "Wiesbaden-Biebrich"]
[Date "2015.08.27"]
[Round "1.28"]
[White "Busche, Stefan"]
[Black "Traut, Stefan"]
[Result "1/2-1/2"]
[WhiteElo "2117"]
[BlackElo "1723"]
[PlyCount "52"]
[EventDate "2015.??.??"]
[WhiteTeam "SVG Saarbrücken"]
[BlackTeam "SF Heusenstamm"]

1. e4 c5 2. c3 d5 3. exd5 Qxd5 4. d4 Nc6 5. Nf3 Bg4 6. Be2 e6 7. O-O Nf6 8. Be3
cxd4 9. cxd4 Be7 10. Nc3 Qa5 11. h3 Bh5 12. a3 O-O 13. Qb3 Qc7 14. Rac1 a6 15.
Na4 Rfd8 16. Rfd1 Nd5 17. g4 Bg6 18. Ne5 Rab8 19. Nxg6 hxg6 20. Nc5 Bd6 21. Ne4
Bf4 22. Nd2 Bxe3 23. fxe3 Qg3+ 24. Kh1 Qxh3+ 25. Kg1 Qg3+ 26. Kh1 Qh3+ 1/2-1/2

[Event "27.Schlosspark-Open"]
[Site "Wiesbaden-Biebrich"]
[Date "2015.08.27"]
[Round "1.29"]
[White "Büse, Ralf"]
[Black "Carow, Annelen"]
[Result "1/2-1/2"]
[WhiteElo "1723"]
[BlackElo "2114"]
[PlyCount "114"]
[EventDate "2015.??.??"]
[WhiteTeam "SC Groß-Zimmern"]
[BlackTeam "SF Heidesheim"]

1. d4 Nf6 2. Bf4 c5 3. e3 d5 4. c3 Qb6 5. Qb3 Nc6 6. Nd2 Bf5 7. Ngf3 Qxb3 8.
axb3 cxd4 9. exd4 h6 10. Bb5 Bd7 11. h3 g5 12. Bh2 Bg7 13. Bd3 O-O 14. b4 a6
15. O-O Na7 16. Rfe1 Rfe8 17. Nb3 Bb5 18. Bxb5 Nxb5 19. Nc5 b6 20. Nb3 Nd7 21.
Ra2 Ra7 22. Rea1 Rea8 23. Nc1 e6 24. Nb3 Bf8 25. Nc1 Bd6 26. Nd3 Bxh2+ 27. Kxh2
f6 28. Re1 Kf7 29. g4 Rh8 30. Raa1 Nb8 31. h4 Rc7 32. Re3 Nd6 33. Rae1 Re7 34.
h5 Rhe8 35. Nd2 Nc6 36. f4 Rg8 37. Kh3 Nc4 38. R3e2 Nd6 39. Rf2 Kg7 40. Ref1
Rge8 41. fxg5 fxg5 42. Rf6 Rf7 43. Rg6+ Kh7 44. Rff6 Rxf6 45. Rxf6 Re7 46. Ne5
Nxe5 47. dxe5 Nf7 48. Nf3 a5 49. b5 Kg7 50. Rg6+ Kh7 51. Kg3 Re8 52. Rf6 Kg7
53. Rg6+ Kh7 54. Kf2 Re7 55. Ke3 Re8 56. Kd4 Nd8 57. Rf6 Kg7 1/2-1/2

[Event "27.Schlosspark-Open"]
[Site "Wiesbaden-Biebrich"]
[Date "2015.08.27"]
[Round "1.30"]
[White "Pienski, Olaf"]
[Black "Diener, Carolin Valeria"]
[Result "1-0"]
[WhiteElo "2105"]
[BlackElo "1722"]
[PlyCount "107"]
[EventDate "2015.??.??"]
[WhiteTeam "SF Leherheide"]
[BlackTeam "SK Bad Homburg"]

1. e4 e5 2. Nf3 Nc6 3. Be2 Nf6 4. d3 Be7 5. O-O O-O 6. c3 d5 7. Nbd2 b6 8. a3
a5 9. b3 Bb7 10. Qc2 Bd6 11. Bb2 Ne7 12. g3 Ng6 13. Ne1 Qd7 14. Bf3 Rad8 15.
exd5 Bxd5 16. Ne4 Nxe4 17. dxe4 Be6 18. Rd1 Qe7 19. b4 axb4 20. cxb4 f5 21.
exf5 Bxf5 22. Be4 Bxe4 23. Qxe4 Qg5 24. Bc1 Qf6 25. Nc2 Qe7 26. Ne3 c5 27. Nd5
Qa7 28. Bg5 Rd7 29. Nc3 Be7 30. Nb5 Qb7 31. Qc4+ Kh8 32. Bxe7 Nxe7 33. bxc5 Rc7
34. Nd6 Qf3 35. Rd3 Qf6 36. Ne4 Qc6 37. Rd6 Qb7 38. Rfd1 bxc5 39. Ng5 Ng6 40.
Ne6 Rcf7 41. Nxf8 Rxf8 42. Rd8 Qf3 43. Rxf8+ Qxf8 44. Qd5 h6 45. Qd8 Kg8 46.
Qxf8+ Kxf8 47. Rc1 Ke7 48. Rxc5 Kd6 49. Rc1 Ne7 50. Kf1 Nc6 51. h4 Kc7 52. Ke2
Kb6 53. Rxc6+ Kxc6 54. Ke3 1-0

[Event "27.Schlosspark-Open"]
[Site "Wiesbaden-Biebrich"]
[Date "2015.08.27"]
[Round "1.31"]
[White "Starkbaum, Michael"]
[Black "Muckle, Julius"]
[Result "0-1"]
[WhiteElo "1720"]
[BlackElo "2101"]
[PlyCount "72"]
[EventDate "2015.??.??"]
[WhiteTeam "Kreuznacher SV"]
[BlackTeam "SK Ludwigshafen"]

1. d4 d5 2. c4 c6 3. Nf3 Nf6 4. cxd5 cxd5 5. Nc3 Nc6 6. Bf4 e6 7. e3 a6 8. Bd3
Be7 9. h3 O-O 10. O-O b5 11. a3 Bb7 12. Qe2 Rc8 13. Rfd1 Na5 14. a4 b4 15. Na2
Qb6 16. Rab1 Ne4 17. Bxe4 dxe4 18. Ne5 Rfd8 19. b3 Bd5 20. Nc1 f6 21. Nc4 Nxc4
22. bxc4 Rxc4 23. Nb3 a5 24. Qg4 Rdc8 25. Bh6 g6 26. Nd2 Rc2 27. f3 f5 28. Qf4
Qd6 29. fxe4 Qxf4 30. Bxf4 fxe4 31. Nb3 Bxb3 32. Rxb3 R8c3 33. Rxc3 bxc3 34. d5
Rd2 35. Rb1 c2 36. Rb8+ Kf7 0-1

[Event "27.Schlosspark-Open"]
[Site "Wiesbaden-Biebrich"]
[Date "2015.08.27"]
[Round "1.32"]
[White "Bader, Dominic"]
[Black "Tampe, Alexander"]
[Result "1-0"]
[WhiteElo "2100"]
[BlackElo "1719"]
[PlyCount "59"]
[EventDate "2015.??.??"]
[WhiteTeam "SG Büchenbach/Roth"]
[BlackTeam "Schachforum Darmstadt"]

1. e4 e5 2. Nc3 Bc5 3. Nf3 d6 4. d4 exd4 5. Nxd4 Nc6 6. Be3 Nxd4 7. Bxd4 Bxd4
8. Qxd4 Be6 9. Qxg7 Qf6 10. Qxf6 Nxf6 11. f3 O-O-O 12. O-O-O d5 13. exd5 Nxd5
14. Nxd5 Bxd5 15. Bd3 Rhg8 16. Rhg1 h6 17. Bf5+ Kb8 18. Rd2 c6 19. Re1 Kc7 20.
Re7+ Kb6 21. b3 Rge8 22. Rde2 Be6 23. Rxe8 Rxe8 24. Bxe6 Rxe6 25. Rxe6 fxe6 26.
g4 Kc5 27. h4 Kd5 28. Kd2 Ke5 29. Ke3 Kf6 30. Ke4 1-0

[Event "27.Schlosspark-Open"]
[Site "Wiesbaden-Biebrich"]
[Date "2015.08.27"]
[Round "1.33"]
[White "van Bömmel, Philipp"]
[Black "Müller, Philipp"]
[Result "0-1"]
[WhiteElo "1714"]
[BlackElo "2095"]
[PlyCount "44"]
[EventDate "2015.??.??"]
[WhiteTeam "SC Hattersheim"]
[BlackTeam "SC Neckarsulm"]

1. Nf3 Nf6 2. g3 d5 3. c4 c6 4. b3 Bg4 5. Bg2 Nbd7 6. Bb2 e6 7. O-O Bd6 8. d4
O-O 9. Nbd2 Qe7 10. Ne5 Bh5 11. Qe1 Bxe5 12. dxe5 Ng4 13. Nf3 f6 14. exf6 Ngxf6
15. Ne5 Nxe5 16. Bxe5 dxc4 17. bxc4 Qc5 18. Qc3 Bxe2 19. Rfc1 Rad8 20. Bxf6
Rxf6 21. Qe1 Bd3 22. Qd2 Rd4 0-1

[Event "27.Schlosspark-Open"]
[Site "Wiesbaden-Biebrich"]
[Date "2015.08.27"]
[Round "1.34"]
[White "Kregelin, Jan"]
[Black "Kuschel, Heidi"]
[Result "1-0"]
[WhiteElo "2093"]
[BlackElo "1713"]
[PlyCount "75"]
[EventDate "2015.??.??"]
[WhiteTeam "FVS ASP Hoyerswerda"]
[BlackTeam "SVG Lauterbach"]

1. d4 Nf6 2. c4 g6 3. Nc3 d5 4. cxd5 Nxd5 5. e4 Nb6 6. Be3 Bg7 7. h3 O-O 8. Nf3
c6 9. Be2 N8d7 10. O-O e5 11. Bg5 Qe8 12. a4 a5 13. dxe5 Nxe5 14. Qb3 Nbd7 15.
Rfd1 Nxf3+ 16. Bxf3 Qe5 17. Be3 Nf6 18. Qb6 Nd7 19. Qb3 Nf6 20. Bd4 Qe6 21. Qc2
Qe7 22. Nb1 Nd7 23. Bg4 Bxd4 24. Rxd4 Ne5 25. Bxc8 Raxc8 26. f4 Nd7 27. Qd2 Qc5
28. Kh1 Nf6 29. Nc3 Rfe8 30. e5 Nh5 31. Ne4 Qe7 32. g4 Qh4 33. gxh5 Qxh3+ 34.
Kg1 Qg4+ 35. Qg2 Qxg2+ 36. Kxg2 Red8 37. Nf6+ Kg7 38. h6+ 1-0

[Event "27.Schlosspark-Open"]
[Site "Wiesbaden-Biebrich"]
[Date "2015.08.27"]
[Round "1.35"]
[White "Ungurean, Daniela"]
[Black "Leidorf, Sebastian"]
[Result "0-1"]
[WhiteElo "1641"]
[BlackElo "2069"]
[PlyCount "50"]
[EventDate "2015.??.??"]
[WhiteTeam "SK Geisenheim"]
[BlackTeam "SV Bergwinkel"]

1. e4 e6 2. Nf3 d5 3. exd5 exd5 4. d4 Nf6 5. Be2 Bd6 6. Nc3 c6 7. Bg5 h6 8. Bh4
Bf5 9. O-O Nbd7 10. Re1 O-O 11. a3 Qc7 12. Bg3 Bxg3 13. hxg3 Rfe8 14. Nh4 Bh7
15. Rc1 Rad8 16. Bf1 Ne4 17. Bd3 Re6 18. Ne2 b5 19. c3 Rde8 20. Nf3 g5 21. Bc2
Nb6 22. Ne5 Nc4 23. Nxc4 bxc4 24. Bxe4 Bxe4 25. f4 Bd3 0-1

[Event "27.Schlosspark-Open"]
[Site "Wiesbaden-Biebrich"]
[Date "2015.08.27"]
[Round "1.36"]
[White "Tran, Thanh Kien"]
[Black "Kunkel, Wolfgang"]
[Result "1/2-1/2"]
[WhiteElo "2082"]
[BlackElo "1705"]
[PlyCount "41"]
[EventDate "2015.??.??"]
[WhiteTeam "SC Böblingen"]
[BlackTeam "SK Gießen"]

1. d4 d5 2. c4 e5 3. dxe5 d4 4. Nf3 Nc6 5. a3 a5 6. e3 Bg4 7. Be2 Bxf3 8. Bxf3
Nxe5 9. exd4 Nxf3+ 10. Qxf3 Qxd4 11. Qxb7 Rd8 12. O-O Bd6 13. Qb5+ Kf8 14. Nc3
Nf6 15. Bg5 h6 16. Rad1 hxg5 17. g3 Qg4 18. f3 Qh5 19. Rf2 Re8 20. Ne2 g6 21.
Qxa5 1/2-1/2

[Event "27.Schlosspark-Open"]
[Site "Wiesbaden-Biebrich"]
[Date "2015.08.27"]
[Round "1.37"]
[White "Kirchner, Markus"]
[Black "Björknes, Uwe"]
[Result "1/2-1/2"]
[WhiteElo "1633"]
[BlackElo "2079"]
[PlyCount "25"]
[EventDate "2015.??.??"]
[WhiteTeam "SF Schöneck"]
[BlackTeam "vereinlos"]

1. e4 e5 2. Nf3 d6 3. d4 exd4 4. Nxd4 Nf6 5. Nc3 Be7 6. Be3 O-O 7. Be2 Re8 8.
O-O Nbd7 9. f3 Nf8 10. Qd2 Ne6 11. Nb3 Bd7 12. Rad1 Bc6 13. Rfe1 1/2-1/2

[Event "27.Schlosspark-Open"]
[Site "Wiesbaden-Biebrich"]
[Date "2015.08.27"]
[Round "1.38"]
[White "Frey, Thomas"]
[Black "Lesny, Florian"]
[Result "1/2-1/2"]
[WhiteElo "2079"]
[BlackElo "1684"]
[PlyCount "42"]
[EventDate "2015.??.??"]
[WhiteTeam "SV Reutlingen"]
[BlackTeam "SK Niederbrechen"]

1. e4 c5 2. Nc3 Nc6 3. f4 g6 4. Nf3 Bg7 5. Bb5 Nd4 6. O-O Nxb5 7. Nxb5 a6 8.
Nc3 e6 9. d3 Ne7 10. Be3 Qc7 11. d4 d6 12. Qe1 O-O 13. Rd1 b6 14. Qh4 Bb7 15.
g4 b5 16. f5 exf5 17. exf5 gxf5 18. Qh5 b4 19. Ne2 Nd5 20. Bh6 Bxh6 21. Qxh6 f6
1/2-1/2

[Event "27.Schlosspark-Open"]
[Site "Wiesbaden-Biebrich"]
[Date "2015.08.27"]
[Round "1.39"]
[White "Pade, Joachim"]
[Black "Kreiling, Carsten"]
[Result "0-1"]
[WhiteElo "1676"]
[BlackElo "2072"]
[PlyCount "70"]
[EventDate "2015.??.??"]
[WhiteTeam "SC Butzbach"]
[BlackTeam "SVG Eppstein"]

1. e4 c5 2. Nf3 d6 3. d4 cxd4 4. Nxd4 Nf6 5. Nc3 g6 6. Bd3 Bg7 7. h3 O-O 8. Nb3
a6 9. Be3 b5 10. Qd2 Bb7 11. f3 Nbd7 12. O-O Ne5 13. Rad1 Qc7 14. Ne2 Nfd7 15.
Na5 Nc4 16. Bxc4 bxc4 17. Nxb7 Qxb7 18. b3 Rfc8 19. Nf4 Nb6 20. Kh1 a5 21. Qf2
Rab8 22. g4 Qa6 23. h4 h6 24. Nh3 a4 25. f4 Qb7 26. Qf3 Nd7 27. Bd4 cxb3 28.
axb3 axb3 29. c3 b2 30. Rb1 Bxd4 31. cxd4 Qb3 32. Qxb3 Rxb3 33. Ng1 Nf6 34. Rf3
Rxf3 35. Rxb2 Rxf4 0-1

[Event "27.Schlosspark-Open"]
[Site "Wiesbaden-Biebrich"]
[Date "2015.08.27"]
[Round "1.40"]
[White "Karsay, Pascal"]
[Black "Lorenz, Hermann"]
[Result "1-0"]
[WhiteElo "2071"]
[BlackElo "1668"]
[PlyCount "65"]
[EventDate "2015.??.??"]
[WhiteTeam "Vorw.Orient Mainz"]
[BlackTeam "SF Mainz"]

1. e4 d6 2. d4 Nf6 3. Nc3 g6 4. g3 Bg7 5. Bg2 O-O 6. Nge2 Nbd7 7. O-O e5 8. h3
b6 9. f4 Rb8 10. fxe5 dxe5 11. d5 Nc5 12. b4 Nb7 13. Be3 Nd6 14. Qc1 Ba6 15.
Rf2 Qd7 16. g4 Bxe2 17. Rxe2 Nxg4 18. hxg4 Qxg4 19. Qf1 f5 20. Qf3 Qxf3 21.
Bxf3 f4 22. Bd2 h5 23. Kh1 Kf7 24. Rg1 Rh8 25. Nd1 Bf6 26. Rh2 Rbg8 27. Nf2 Rh7
28. a4 Rgh8 29. Nh3 Rg7 30. Ng5+ Bxg5 31. Rxg5 Kf6 32. Rxe5 Nc4 33. Re6+ 1-0

[Event "27.Schlosspark-Open"]
[Site "Wiesbaden-Biebrich"]
[Date "2015.08.27"]
[Round "1.41"]
[White "Kirschner, Philipp"]
[Black "Werner, Dimo"]
[Result "1/2-1/2"]
[WhiteElo "1646"]
[BlackElo "2063"]
[PlyCount "44"]
[EventDate "2015.??.??"]
[WhiteTeam "Sfr. Kelkheim"]
[BlackTeam "TSV Schott Mainz"]

1. d4 d5 2. Nf3 Nf6 3. c4 c6 4. Nc3 e6 5. Bg5 Nbd7 6. e3 a6 7. Qc2 Be7 8. cxd5
exd5 9. Bd3 O-O 10. O-O h6 11. Bh4 Nh5 12. Bxe7 Qxe7 13. Rab1 Nhf6 14. b4 Re8
15. a4 Ne4 16. b5 axb5 17. axb5 Nxc3 18. Qxc3 c5 19. dxc5 Nxc5 20. Rfc1 b6 21.
Ra1 Be6 22. Be2 Rec8 1/2-1/2

[Event "27.Schlosspark-Open"]
[Site "Wiesbaden-Biebrich"]
[Date "2015.08.27"]
[Round "1.42"]
[White "Berberich, Christoph"]
[Black "Usczeck, Alina"]
[Result "1/2-1/2"]
[WhiteElo "2059"]
[BlackElo "1623"]
[PlyCount "74"]
[EventDate "2015.??.??"]
[WhiteTeam "SF Zähringen"]
[BlackTeam "VfR-SC Koblenz"]

1. d4 d5 2. Nf3 Nf6 3. c4 c6 4. Nbd2 Bf5 5. Nh4 Bg6 6. Nxg6 hxg6 7. g3 Nbd7 8.
Bg2 e6 9. O-O dxc4 10. Nxc4 Nb6 11. Ne5 Qc7 12. a4 a5 13. Qb3 Bd6 14. Bf4 Nbd5
15. e3 Nxf4 16. exf4 O-O 17. Bh3 Rfd8 18. Rac1 Bb4 19. Rfd1 Rd6 20. Nc4 Rd7 21.
Qe3 Nd5 22. Qe2 Nb6 23. Ne5 Rdd8 24. b3 Nd5 25. Rd3 Be7 26. Nf3 Nb4 27. Rdd1
Bf6 28. Ne5 Nd5 29. Qe4 Qb6 30. Rc5 Be7 31. Rcc1 Ba3 32. Bxe6 fxe6 33. Qxg6 Nf6
34. Qf7+ Kh7 35. Qg6+ Kg8 36. Qf7+ Kh7 37. Qg6+ Kg8 1/2-1/2

[Event "27.Schlosspark-Open"]
[Site "Wiesbaden-Biebrich"]
[Date "2015.08.27"]
[Round "1.43"]
[White "Reinisch, Markus"]
[Black "Feicht, Arno"]
[Result "0-1"]
[WhiteElo "1644"]
[BlackElo "2057"]
[PlyCount "52"]
[EventDate "2015.??.??"]
[WhiteTeam "Wiesbadener SV"]
[BlackTeam "SC Butzbach"]

1. d4 f5 2. Nf3 Nf6 3. g3 g6 4. Bg2 Bg7 5. O-O O-O 6. c4 d6 7. Nbd2 e6 8. Rb1
Qe8 9. b3 e5 10. dxe5 dxe5 11. Ba3 Rf7 12. Ng5 Rd7 13. Qc2 h6 14. Ngf3 e4 15.
Ne1 Nc6 16. e3 a5 17. c5 b5 18. cxb6 Ba6 19. Qxc6 Rxd2 20. Qxe8+ Nxe8 21. bxc7
Nxc7 22. Rc1 Nb5 23. Rc2 Rxc2 24. Nxc2 Rc8 25. Rd1 Rxc2 26. Rd8+ Kh7 0-1

[Event "27.Schlosspark-Open"]
[Site "Wiesbaden-Biebrich"]
[Date "2015.08.27"]
[Round "1.44"]
[White "Fucik, Timo"]
[Black "Lessmann, Sven"]
[Result "1-0"]
[WhiteElo "2033"]
[BlackElo "1627"]
[PlyCount "50"]
[EventDate "2015.??.??"]
[WhiteTeam "SK Ettlingen"]
[BlackTeam "SC Bad Soden"]

1. d4 Nf6 2. Bg5 g6 3. Bxf6 exf6 4. e3 d5 5. c4 Bb4+ 6. Nc3 Be6 7. Qb3 Nc6 8.
c5 a6 9. Nge2 Bxc3+ 10. Nxc3 Rb8 11. Be2 O-O 12. O-O Ne7 13. Qc2 c6 14. b4 Nc8
15. a4 Na7 16. Rfb1 Bf5 17. Bd3 Bxd3 18. Qxd3 Nc8 19. Rb3 a5 20. Rab1 axb4 21.
Rxb4 b5 22. axb5 cxb5 23. Rxb5 Rxb5 24. Qxb5 Ne7 25. Qb7 Qc8 1-0

[Event "27.Schlosspark-Open"]
[Site "Wiesbaden-Biebrich"]
[Date "2015.08.27"]
[Round "1.45"]
[White "Bühler, Severin"]
[Black "Muuss, Klaus"]
[Result "1/2-1/2"]
[WhiteElo "1622"]
[BlackElo "2029"]
[PlyCount "61"]
[EventDate "2015.??.??"]
[WhiteTeam "SK Schwäbisch Hall"]
[BlackTeam "VSF Flintbek"]

1. e4 c5 2. Nf3 e6 3. d4 cxd4 4. Nxd4 Nc6 5. Nc3 Bb4 6. Nxc6 bxc6 7. Qd4 Bf8 8.
Be2 Nf6 9. O-O Be7 10. Be3 O-O 11. Rad1 Qc7 12. f3 Bb7 13. Bf2 d5 14. Bg3 Qa5
15. Qe5 Ba6 16. Bxa6 Qxa6 17. Kh1 Rad8 18. exd5 Nxd5 19. Nxd5 Rxd5 20. Qe1 Rxd1
21. Qxd1 Rd8 22. Qe1 Rd2 23. Rf2 Rxf2 24. Bxf2 Qxa2 25. Qc3 c5 26. g3 Qd5 27.
Kg2 h6 28. Qa3 Qd7 29. Bxc5 Qd2+ 30. Kh3 Bg5 31. Qxa7 1/2-1/2

[Event "27.Schlosspark-Open"]
[Site "Wiesbaden-Biebrich"]
[Date "2015.08.27"]
[Round "1.46"]
[White "Seidel, Jürgen"]
[Black "Moseler, Thomas"]
[Result "1-0"]
[WhiteElo "2029"]
[BlackElo "1621"]
[PlyCount "63"]
[EventDate "2015.??.??"]
[WhiteTeam "TuS Dotzheim"]
[BlackTeam "SK Lister Turm"]

1. d4 Nf6 2. Nf3 e6 3. e3 c5 4. Bd3 Nc6 5. O-O b6 6. b3 Be7 7. Bb2 O-O 8. Nbd2
Bb7 9. a3 d5 10. Qe2 cxd4 11. exd4 Rc8 12. Ne5 Bd6 13. f4 Ne7 14. Rf3 Nf5 15.
g4 Bxe5 16. gxf5 Bb8 17. fxe6 Rc7 18. Re3 Re7 19. exf7+ Rexf7 20. Rf1 Ne8 21.
f5 Qg5+ 22. Kh1 Nd6 23. Nf3 Qh6 24. Bc1 Nxf5 25. Bxf5 Rxf5 26. Re8 Qf6 27. Re6
Qf7 28. Re7 Qh5 29. Rxb7 Rxf3 30. Rxf3 Rxf3 31. Rxb8+ Kf7 32. Qe8+ 1-0

[Event "27.Schlosspark-Open"]
[Site "Wiesbaden-Biebrich"]
[Date "2015.08.27"]
[Round "1.47"]
[White "Wöhl, Torsten"]
[Black "Köllner, Christof"]
[Result "0-1"]
[WhiteElo "1621"]
[BlackElo "2021"]
[PlyCount "62"]
[EventDate "2015.??.??"]
[WhiteTeam "SC Groß-Zimmern"]
[BlackTeam "SV Bergneustadt/Derschlag"]

1. d4 Nf6 2. Bf4 d6 3. Nd2 Nbd7 4. e3 c6 5. Bd3 g6 6. h3 Bg7 7. c3 O-O 8. Ngf3
Re8 9. O-O e5 10. dxe5 dxe5 11. Bg5 Qc7 12. e4 Nc5 13. Bc2 Ne6 14. Be3 Nh5 15.
g3 b6 16. Bb3 Ba6 17. Re1 Rad8 18. Qc2 Bd3 19. Qc1 h6 20. Nh2 Kh7 21. Ng4 f5
22. exf5 gxf5 23. Nh2 f4 24. gxf4 Nexf4 25. Qd1 Qd7 26. Qg4 Bf5 27. Qf3 Bxh3
28. Bc2+ Kh8 29. Bxf4 Nxf4 30. Qe4 Bf6 31. Rad1 Qg7+ 0-1

[Event "27.Schlosspark-Open"]
[Site "Wiesbaden-Biebrich"]
[Date "2015.08.27"]
[Round "1.48"]
[White "Kolker, Vladislav"]
[Black "Jakesevic, Ivan"]
[Result "1-0"]
[WhiteElo "2021"]
[BlackElo "1606"]
[PlyCount "84"]
[EventDate "2015.??.??"]
[WhiteTeam "SC Bad Nauheim"]
[BlackTeam "FC Bierstadt"]

1. e4 c5 2. Nf3 Nf6 3. Nc3 Nc6 4. d4 e6 5. e5 Ng8 6. dxc5 Bxc5 7. Ne4 Be7 8.
Nd6+ Bxd6 9. Qxd6 Qe7 10. Qd3 Qc5 11. Qe2 Nge7 12. c3 Ng6 13. Be3 Qa5 14. b4
Qc7 15. Qc4 Ngxe5 16. Nxe5 Qxe5 17. Be2 d5 18. Qb3 a6 19. Rd1 O-O 20. O-O Rd8
21. Bb6 Rd7 22. Rfe1 Qf6 23. Bf3 Ne7 24. Bd4 Qg5 25. g3 Nf5 26. Bxd5 h6 27. Bg2
Rb8 28. Ba7 Ra8 29. Bb6 Qg4 30. h3 Qg5 31. a4 Rxd1 32. Rxd1 Qe7 33. Rd8+ Kh7
34. Qc4 Nd6 35. Qc5 Nf5 36. Rxc8 Rxc8 37. Qxc8 Nd6 38. Qc7 Qxc7 39. Bxc7 Nc4
40. Bxb7 Nb2 41. a5 Nd1 42. c4 Nb2 1-0

[Event "27.Schlosspark-Open"]
[Site "Wiesbaden-Biebrich"]
[Date "2015.08.27"]
[Round "1.49"]
[White "Lehmann, Wolfgang"]
[Black "Biehl, Tim"]
[Result "0-1"]
[WhiteElo "1605"]
[BlackElo "2013"]
[PlyCount "90"]
[EventDate "2015.??.??"]
[WhiteTeam "Wiesbadener SV"]
[BlackTeam "SVG Saarbrücken"]

1. d4 d5 2. Nf3 Nf6 3. Bf4 e6 4. h3 c5 5. c3 Nc6 6. e3 Qb6 7. Qc1 Be7 8. Be2
Bd7 9. Nbd2 Rc8 10. O-O O-O 11. Qb1 cxd4 12. exd4 Na5 13. Ne5 Bb5 14. Bxb5 Qxb5
15. Re1 Rfd8 16. Bg5 Qe8 17. Qd3 Nc6 18. Ndf3 Ne4 19. Bxe7 Qxe7 20. Nxc6 Rxc6
21. Ne5 Rcc8 22. Rac1 Nf6 23. Re3 Nd7 24. Nxd7 Qxd7 25. Rg3 h5 26. Qd2 f6 27.
a3 Rc4 28. Qf4 Qf7 29. Re1 e5 30. Qe3 e4 31. f3 f5 32. fxe4 f4 33. Qf3 fxg3 34.
Qxg3 dxe4 35. Rxe4 Rf8 36. Re1 Rc6 37. Qe5 Qf2+ 38. Kh1 Rg6 39. Qd5+ Kh8 40.
Rg1 Qxb2 41. Qc5 Ra8 42. d5 a5 43. d6 Rd8 44. d7 Qd2 45. Qc6 Rxc6 0-1

[Event "27.Schlosspark-Open"]
[Site "Wiesbaden-Biebrich"]
[Date "2015.08.27"]
[Round "1.50"]
[White "Zeyer, Oliver"]
[Black "Happel, Jürgen"]
[Result "1-0"]
[WhiteElo "2001"]
[BlackElo "1586"]
[PlyCount "77"]
[EventDate "2015.??.??"]
[WhiteTeam "SF HN-Biberach"]
[BlackTeam "SV Hofheim"]

1. e4 e5 2. Nf3 Nc6 3. Bb5 d6 4. d4 exd4 5. Nxd4 Bd7 6. Nc3 Nf6 7. O-O Be7 8.
Re1 O-O 9. h3 h6 10. Bf4 Re8 11. Nf3 g6 12. Bc4 Na5 13. Bd3 b5 14. Qe2 Nc6 15.
Qd2 Be6 16. Rad1 Qc8 17. a4 bxa4 18. Nxa4 Rd8 19. b3 d5 20. e5 Ne4 21. Qe3 Bf5
22. c4 Nb4 23. Bb1 Qe6 24. Nd4 Qd7 25. Nxf5 Qxf5 26. f3 Bg5 27. Bxg5 Qxg5 28.
fxe4 Qxe3+ 29. Rxe3 dxc4 30. Rc1 cxb3 31. Rxb3 a5 32. Rxc7 Rd1+ 33. Kh2 Rd4 34.
Nb6 Re8 35. Rf3 Rd1 36. Rfxf7 Rxb1 37. Rg7+ Kh8 38. Rh7+ Kg8 39. Rcg7+ 1-0

[Event "27.Schlosspark-Open"]
[Site "Wiesbaden-Biebrich"]
[Date "2015.08.27"]
[Round "1.51"]
[White "Triantafillidis, Dimitrios"]
[Black "Brechlin, Olaf"]
[Result "0-1"]
[WhiteElo "1603"]
[BlackElo "1988"]
[PlyCount "77"]
[EventDate "2015.??.??"]
[WhiteTeam "SF HN-Biberach"]
[BlackTeam "FVS ASP Hoyerswerda"]

1. e4 Nc6 2. Nf3 d5 3. exd5 Qxd5 4. Nc3 Qa5 5. d4 Bg4 6. Be2 e6 7. a3 Nf6 8.
O-O Bd6 9. Bd2 Qf5 10. Rc1 Rd8 11. Be3 O-O 12. Kh1 Rfe8 13. Re1 Qh5 14. g3 Ne7
15. Nh4 Nf5 16. Nxf5 exf5 17. h4 Rxe3 18. fxe3 Bxg3 19. Kg2 Bxe1 20. Qxe1 Re8
21. Qf2 Bxe2 22. Nxe2 Qg4+ 23. Ng3 Ne4 24. Qf4 Qxg3+ 25. Qxg3 Nxg3 26. Kxg3
Rxe3+ 27. Kf4 Re4+ 28. Kxf5 Rxd4 29. Re1 Kf8 30. h5 Rd2 31. Rc1 Rh2 32. Kg4 f6
33. b4 Kf7 34. c4 Rd2 35. Rc3 Rd4+ 36. Kg3 f5 37. c5 c6 38. Rf3 Kf6 39. Re3 0-1

[Event "27.Schlosspark-Open"]
[Site "Wiesbaden-Biebrich"]
[Date "2015.08.27"]
[Round "1.52"]
[White "Schmitt, Carsten"]
[Black "Köllner, Aaron Noah"]
[Result "1-0"]
[WhiteElo "1988"]
[BlackElo "1582"]
[PlyCount "49"]
[EventDate "2015.??.??"]
[WhiteTeam "SV Bergwinkel"]
[BlackTeam "SV Bergneustadt/Derschlag"]

1. c4 e5 2. g3 Bc5 3. Bg2 a6 4. Nc3 d6 5. e3 Nc6 6. a3 Ba7 7. Nge2 Bd7 8. O-O
h5 9. h3 h4 10. g4 f5 11. f3 Nf6 12. Kh2 e4 13. gxf5 Bxf5 14. fxe4 Be6 15. Nd5
Ne5 16. Nef4 Bd7 17. b3 Nxd5 18. exd5 g5 19. Nh5 Qe7 20. d4 Nf7 21. Nf6+ Kd8
22. Nxd7 Qxd7 23. Qf3 Nh6 24. Qf6+ Qe7 25. Qxh8+ 1-0

[Event "27.Schlosspark-Open"]
[Site "Wiesbaden-Biebrich"]
[Date "2015.08.27"]
[Round "1.53"]
[White "Kirchner, Johanna"]
[Black "Steimbach, Isabel"]
[Result "0-1"]
[WhiteElo "1575"]
[BlackElo "1984"]
[PlyCount "62"]
[EventDate "2015.??.??"]
[WhiteTeam "SF Schöneck"]
[BlackTeam "OSG Baden-Baden"]

1. e4 c5 2. Nf3 d6 3. d4 cxd4 4. Nxd4 Nf6 5. Nc3 a6 6. Bd3 e5 7. Nb3 Be6 8. O-O
Be7 9. Bd2 O-O 10. Kh1 Nc6 11. a3 Rc8 12. Na2 d5 13. exd5 Bxd5 14. Qe1 Bxb3 15.
cxb3 Qxd3 16. Nb4 Nxb4 17. Bxb4 Bxb4 18. Qxb4 Rc2 19. Rad1 Rxf2 20. Qe1 Rxf1+
21. Qxf1 Qxf1+ 22. Rxf1 Rc8 23. g3 Rc2 24. Rb1 e4 25. Kg1 e3 26. Kf1 e2+ 27.
Kf2 Ng4+ 28. Kg2 e1=Q+ 29. Kh3 Rxh2+ 30. Kxg4 Qe4+ 31. Kg5 h6# 0-1

[Event "27.Schlosspark-Open"]
[Site "Wiesbaden-Biebrich"]
[Date "2015.08.27"]
[Round "1.54"]
[White "Ungurean, Florin"]
[Black "Dyga, Ryszard"]
[Result "1-0"]
[WhiteElo "1966"]
[BlackElo "1569"]
[PlyCount "49"]
[EventDate "2015.??.??"]
[WhiteTeam "SK Geisenheim"]
[BlackTeam "SV Hofheim"]

1. d4 d5 2. Nf3 Nf6 3. Bf4 g6 4. e3 Bg7 5. Be2 O-O 6. O-O Nbd7 7. h3 c5 8. c3
Qb6 9. Qb3 c4 10. Qxb6 Nxb6 11. b3 cxb3 12. axb3 Nbd7 13. Nbd2 a6 14. Rfc1 Re8
15. Ra5 b6 16. Ra2 Bb7 17. Rca1 b5 18. c4 e6 19. cxb5 axb5 20. Rxa8 Bxa8 21.
Bxb5 Bf8 22. Ne5 Rd8 23. Nxd7 Nxd7 24. Bxd7 Bb4 25. Nf3 1-0

[Event "27.Schlosspark-Open"]
[Site "Wiesbaden-Biebrich"]
[Date "2015.08.27"]
[Round "1.55"]
[White "Börkey, Luis"]
[Black "Färber, David"]
[Result "0-1"]
[WhiteElo "1566"]
[BlackElo "1957"]
[PlyCount "42"]
[EventDate "2015.??.??"]
[WhiteTeam "Wiesbadener SV"]
[BlackTeam "SV Walldorf"]

1. d4 d5 2. c4 c6 3. cxd5 cxd5 4. Nc3 Nc6 5. Bf4 Nf6 6. e3 Bf5 7. Bb5 e6 8. Nf3
Nd7 9. O-O Be7 10. Qa4 Qb6 11. Ne5 Ndxe5 12. Bxe5 O-O 13. Bf4 Rfc8 14. Rfc1 a6
15. Bxc6 Rxc6 16. b3 Rac8 17. Ne2 Bc2 18. e4 Bd3 19. Rxc6 bxc6 20. Nc3 Bb5 21.
Nxb5 axb5 0-1

[Event "27.Schlosspark-Open"]
[Site "Wiesbaden-Biebrich"]
[Date "2015.08.27"]
[Round "1.56"]
[White "Francke, Helmut"]
[Black "Roth, Michael"]
[Result "1-0"]
[WhiteElo "1961"]
[BlackElo "1563"]
[PlyCount "57"]
[EventDate "2015.??.??"]
[WhiteTeam "SC Bad Nauheim"]
[BlackTeam "SC Lerchenberg/ZMO"]

1. Nf3 Nc6 2. c4 e5 3. Nc3 Nf6 4. g3 Bc5 5. Bg2 Ng4 6. O-O d6 7. h3 Nf6 8. d3
h6 9. a3 a6 10. b4 Ba7 11. e3 g5 12. b5 Nb8 13. Nd2 a5 14. Nde4 Nbd7 15. d4 Qe7
16. a4 Ng8 17. Nd5 Qd8 18. Bb2 Ndf6 19. dxe5 Nxd5 20. Qxd5 Ne7 21. Qd1 Ng8 22.
exd6 Rh7 23. c5 b6 24. c6 Bf5 25. d7+ Bxd7 26. cxd7+ Qxd7 27. Nf6+ Nxf6 28. Bc6
Rd8 29. Bxf6 1-0